000 00854nam a2200265 4500
001 139612
003 ES-MaACL
005 20251002202608.0
007 t|
008 070214s1984 sp a |||| |dspa d
020 _a84-86353-01-7
080 _a798.4
080 _a821.134.2-4"19"
100 1 _aSavater, Fernando,
_d1947-
_9104053
245 1 3 _aEl juego de los caballos /
_cFernando Savater ; ilustraciones de José Hernández, Juan Carlos Savater.
260 _aMadrid :
_bEl Observatorio,
_c1984.
300 _a151 p. :
_bil. ;
_c20 cm.
490 1 _aLas buenas lecturas ;
_v1
650 4 _aCarreras de caballos.
_910793
700 1 _aHernández, José,
_d1944-2013
_9159668
700 1 _aSavater, Juan Carlos.
_9104058
830 1 4 _aLas buenas lecturas
_v1
_9233393
852 _aES-MaACL
_jL-7898
999 _c139612
_d139612